| 000 | 00653nam a2200229Ia 4500 | ||
|---|---|---|---|
| 003 | OSt | ||
| 005 | 20221007080923.0 | ||
| 006 | a|||||r|||| 00| 0 | ||
| 007 | ta | ||
| 008 | 221006b |||||||| |||| 00| 0 eng d | ||
| 024 | _a24,087 | ||
| 037 | _cTextual | ||
| 040 |
_aFLL _cFLL _beng |
||
| 041 |
_2eng _aeng |
||
| 082 | _aZ1:A0V4, G9 | ||
| 100 | _aWright Quincy | ||
| 245 | 0 | _aExisting legal situation as it relates to the conflict in the far east | |
| 260 |
_aNew York _bInstitute of pacific relations India _c1939 |
||
| 300 |
_avii,1-129p _ccm. |
||
| 942 |
_hZ1:A0V4, G9 _cTEXL _2CC |
||
| 999 |
_c1161366 _d1161366 |
||